000 00786nas a2200289 4500
001 BR2015000057
003 BR-BrBNA
005 20231205124854.0
007 ta
008 230509b bl.|||p| |||| 00| 00por d
040 _aBR-BrBNA
_bpor
_cBiblioteca Nacional de Agricultura
041 _a(Pt)
072 _aE16
100 1 _aJordão, E.
100 1 _aAlves Neto, F.
100 1 _aRaimo, H.F.
100 1 _aAndrade, B.M.M. de
245 1 _aEstudo do custo da produção de ovos
500 _a10 ref.
650 _aOVO
650 _aANALISE ECONOMICA
650 _aCUSTO
650 _aPRODUCAO ANIMAL
773 0 _tZootecnia (Brazil)
_xISSN 0044-5320
_g(Jan-Mar 1965), v. 3(1) p. 5-29
_wBR2015000057
909 _a202311
_bLúcia
_c55
_dLúcia Elande
942 _2AGRIS
_n0
_cANA
999 _c241344
_d241344